000 00599nmm a2200193 a 4500
999 _c12616
_d12616
020 _a 978-9352605774
022 _a9352605772
100 1 _aPalanna.
245 1 0 _aEngineering Chemistry
260 _a[S.l.] :
_bTata McGraw Hill,
_c2009.
300 _a1 online resource (1 v. (unpaged))
500 _aKindle eBook.
650 _aScience--Study and teaching--
650 _aResearch
650 _aScience--Study and teaching--Research
700 _aKanaujia, Sudhanshu-Singh, Praveen P-Srivastava, Visha
856 _uhttp://www.amazon.com/exec/obidos/ASIN/B00DGTTWBU/chopacon
942 _cBK